00833nam a22001937a 4500003000900000008004100009040007100050082002400121245010900145260002700254300004500281440004900326505014700375650002600522650001900548650002400567650001400591700003400605AR-CdUCM190425b ||||| |||| 00| 0 spa d aMUNICIPALIDAD PROVINCIAL DEL CUSCOcBIBLIOTECA MUNICIPAL DEL CUSCO aOropesa/N°113/2020 aOropesa :brevista de cultura y educación de opinión y crítica /cAmérico Valer Vargas, Director aCusco.bLezama,c2020. a18 páginas. :bilustraciones ;c30 cm. aOropesa.nAño XXXVIII, N°113, enero 2020. aContenido: Las historias enseñan. -- Montañas de Sawasiray, Pitusiray son divinidades protectoras de productos agrícolas cultivados. ... aPolítica cusqueña aCultura andina aSociedad cusqueña aSiglo XXI aEspinoza Martínez, Héctor